1760 1847 1720 1683 1422 1929 1316 1262 1284 1051 1820 1470 1759 1492 1433 1344 1923 1477 1180 1171 1707 1455 1820 1493 1143 1546 1341 1016 1424 1523 1867 1049 1059 1432 1685 1843 1703 1415 1014 1627 1453 1120 1188 1894 1645 1470 1284 1301 1044 1584 1337 1120 1723 1563 1445 1896 1363 1693 1153 1164 1003 1310 1153 1632 1345 1927 1641 1722 1583 1101 1474 1926 1012 1389 1204 1965 1187 1495 1886 1538 1342 1913 1511 1347 1919 1121 1445 1230 1666 1624 1172 1077 1864 1701 1701 1981 1703 1025 1527 BCNSPRNW ULIB Ver.6.0+V

เปลี่ยนเป็นภาษาไทย

Change to English
 แสดงรายละเอียดบรรณานุกรม
  กลับหน้าหลัก

Brief Record : Get Marc (ISO 2709) : E-mail record : QR code < ปิดหน้าต่าง
LEADER : 00000nam 2200000uu 4500
001    13399111921
003     ULIB
008    110627s2550||||th 000 0 tha d
020    9789748027791
090    นว.^bส988ล 2550
100 0  โสภี พรรณราย
245 00 ลิลลี่สีกุหลาบ/^cโสภี พรรณราย
250    พิมพ์ครั้งที่ 1
260    กรุงเทพฯ :^bบิวตี้บุ๊ค,^c2550
300    332 หน้า
710 1  บิวตี้บุ๊ค
945    ^p230^l0^i022039
995    ทศพร
999 ^a ใช้งานได้ทุกระบบ
รายการนี้ยังไม่มีแท็ก
คุณยังไม่ได้ล็อกอิน คุณสามารถมีกิจกรรมร่วมกับเว็บไซต์ได้ แต่ต้องล็อกอินก่อน ::
  ล็อกอิน

รายการสื่อสารสนเทศ

ลำดับที่ ประเภท เลขเรียก/บาร์โค้ด สถานที่ สถานะ
- ไม่พบข้อมูล -

รายการใกล้เคียง
    ผู้แต่ง [โสภี พรรณราย]

BibComment


ยังไม่เคยถูกคอมเมนท์

คอมเมนท์ทรัพยากรรายการนี้
  คอมเมนท์: ลิลลี่สีกุหลาบ โส..


 Copyright 2026. Bcnsprnw @Library